[Event "CHN-chB"]
[Site "Qinhuangdao"]
[Date "2017.07.20"]
[Round "10"]
[White "Pang, Tao"]
[Black "Li, Qun"]
[Result "1/2-1/2"]
[WhiteElo "2147"]
[BlackElo "2341"]
[PlyCount "70"]
[EventDate "2017.07.16"]
[EventType "swiss"]
[EventRounds "11"]
[EventCountry "CHN"]
[SourceTitle "CBM 179 Extra"]
[Source "ChessBase"]
[SourceDate "2017.08.23"]
[SourceVersion "1"]
[SourceVersionDate "2017.08.23"]
[SourceQuality "1"]

1. c4 Nf6 2. Nc3 g6 3. d4 Bg7 4. Nf3 d6 5. Bf4 0-0 6. Qd2 Nc6 7. d5 e5 8. Bh6 Bxh6 9. Qxh6 Nd4 10. Qd2 Nxf3+ 11. exf3 Nh5 12. 0-0-0 Kg7 13. g3 f5 14. f4 Re8 15. Be2 Nf6 16. h4 h5 17. fxe5 Rxe5 18. Qd4 b6 19. Bf3 Bd7 20. Ne2 Ng4 21. Nf4 Qf6 22. Nd3 Re7 23. Qxf6+ Kxf6 24. Kd2 Rae8 25. Kc3 a5 26. b3 f4 27. gxf4 Bf5 28. Rd2 Bxd3 29. Kxd3 Kf5 30. Bxg4+ hxg4 31. h5 Rh7 32. h6 Kxf4 33. Rdd1 Re5 34. Rde1 Kf3 35. Reg1 Rh5 1/2-1/2

[Event "CHN-chB"]
[Site "Qinhuangdao"]
[Date "2017.07.16"]
[Round "2"]
[White "Lv, Kaichen"]
[Black "Li, Qun"]
[Result "0-1"]
[WhiteElo "1788"]
[BlackElo "2341"]
[PlyCount "63"]
[EventDate "2017.07.16"]
[EventType "swiss"]
[EventRounds "11"]
[EventCountry "CHN"]
[SourceTitle "CBM 179 Extra"]
[Source "ChessBase"]
[SourceDate "2017.08.23"]
[SourceVersion "1"]
[SourceVersionDate "2017.08.23"]
[SourceQuality "1"]

1. d4 d6 2. Nf3 Nc6 3. Bf4 Nf6 4. h3 Bf5 5. c3 Qd7 6. e3 h6 7. Bb5 a6 8. Ba4 b5 9. Bc2 g5 10. Bg3 Bg7 11. Nbd2 0-0 12. e4 Bg6 13. Bh2 Nh5 14. Nf1 Na5 15. Ne3 Nc4 16. Nxc4 bxc4 17. Nd2 Qb5 18. Rb1 e5 19. a4 Qc6 20. d5 Qc5 21. Bg1 Qa7 22. f3 Qb8 23. Nxc4 f5 24. exf5 Bxf5 25. Bxf5 Rxf5 26. Be3 Ng3 27. Rg1 e4 28. fxe4 Nxe4 29. Rf1 Qf8 30. Qd3 Re8 31. Rxf5 Qxf5 32. Nd2 0-1

[Event "CHN-chT"]
[Site "Suzhou"]
[Date "2001.04.05"]
[Round "10"]
[White "Li, Qun"]
[Black "Zhou, Weiqi"]
[Result "1/2-1/2"]
[WhiteElo "2343"]
[BlackElo "2313"]
[PlyCount "127"]
[EventDate "2001.03.02"]
[EventType "team"]
[EventRounds "10"]
[EventCountry "CHN"]
[SourceTitle "EXT 2002"]
[Source "ChessBase"]
[SourceDate "2001.11.25"]
[SourceVersion "1"]
[SourceVersionDate "2001.11.25"]
[SourceQuality "1"]

1. e4 c5 2. Nf3 g6 3. d4 Bg7 4. dxc5 Qa5+ 5. c3 Qxc5 6. Be3 Qc7 7. Qd2 Nc6 8. Bd3 d6 9. h3 Nf6 10. Na3 b6 11. Nb5 Qd7 12. Bh6 0-0 13. Bxg7 Kxg7 14. 0-0 Bb7 15. Qe3 a6 16. Nbd4 b5 17. Rad1 Rad8 18. Rfe1 Rfe8 19. Bc2 Qc8 20. Qg5 Nxd4 21. Nxd4 h6 22. Qg3 Nh5 23. Qh4 Qc5 24. Bb3 Nf6 25. Rd3 Qg5 26. Qxg5 hxg5 27. f3 Nd7 28. Rd2 Rc8 29. a4 Nc5 30. Bc2 Nxa4 31. Bxa4 bxa4 32. Ra1 Rc4 33. Nc2 Bc6 34. Nb4 Bb5 35. Kf2 Rb8 36. Ke3 a5 37. Nc2 Bd7 38. Ra2 Be6 39. Ra3 Rxb2 40. Nd4 Rxd2 41. Nxe6+ fxe6 42. Kxd2 Kf6 43. Kd3 d5 44. Ra2 Ke5 45. g3 Rc8 46. Rxa4 Rh8 47. Ke3 Rxh3 48. g4 Rh8 49. Rxa5 Rc8 50. Kd3 Kf4 51. exd5 Rd8 52. c4 exd5 53. c5 Ke5 54. Ra1 Kf4 55. Ra6 Kxf3 56. Rxg6 Kxg4 57. Re6 Rd7 58. c6 Rc7 59. Kd4 Kf5 60. Kxd5 g4 61. Re1 g3 62. Kc5 e6 63. Kd6 Rc8 64. Rxe6 1/2-1/2

[Event "CHN-chT"]
[Site "Suzhou"]
[Date "2001.03.26"]
[Round "1"]
[White "Zhang, Ziyang"]
[Black "Li, Qun"]
[Result "0-1"]
[WhiteElo "2018"]
[BlackElo "2343"]
[PlyCount "150"]
[EventDate "2001.03.02"]
[EventType "team"]
[EventRounds "10"]
[EventCountry "CHN"]
[SourceTitle "EXT 2002"]
[Source "ChessBase"]
[SourceDate "2001.11.25"]
[SourceVersion "1"]
[SourceVersionDate "2001.11.25"]
[SourceQuality "1"]

1. d4 d5 2. c4 e6 3. Nc3 c6 4. e4 dxe4 5. Nxe4 Bb4+ 6. Nc3 Nf6 7. Nf3 Ne4 8. Bd2 Nxd2 9. Qxd2 Nd7 10. Bd3 c5 11. a3 Ba5 12. dxc5 Nxc5 13. Bc2 Qxd2+ 14. Kxd2 Nd7 15. b4 Bc7 16. Rhe1 0-0 17. Ke2 Ne5 18. Nb5 Bb8 19. Nxe5 Bxe5 20. Rad1 a5 21. Kf1 Bf6 22. Nc7 Ra7 23. c5 axb4 24. axb4 Bc3 25. Re4 Ra2 26. Re2 g6 27. b5 Ba5 28. b6 Bb4 29. c6 bxc6 30. Rb1 Ba5 31. Bd3 Ra3 32. Ba6 Bd7 33. Reb2 Rb8 34. Bc4 Bc8 35. Ne8 Rc3 36. Nd6 Bd7 37. Ba6 Ra3 38. Ne4 Kf8 39. b7 Bc3 40. Nxc3 Rxc3 41. Rd2 Be8 42. Rbd1 Rb3 43. Rd8 R8xb7 44. Bxb7 Rxb7 45. Rc8 Ke7 46. Rdd8 Bd7 47. Rb8 Rc7 48. Ke2 h5 49. Kd3 c5 50. Rh8 c4+ 51. Kc3 e5 52. Rb4 Be6 53. Rhb8 Bd5 54. g3 Ra7 55. R4b5 Ra3+ 56. Kb4 Rb3+ 57. Kc5 Rd3 58. Kb6 Rd2 59. Rc8 Be6 60. Rcc5 Rxf2 61. Rxe5 Rxh2 62. Re3 Rd2 63. Rbe5 Kd6 64. Rc5 Rd3 65. Rce5 Rxe3 66. Rxe3 Kd5 67. Kb5 Kd4 68. Ra3 c3 69. Kb4 c2 70. Rc3 Bf5 71. Kb3 g5 72. Kb2 h4 73. gxh4 gxh4 74. Rc7 h3 75. Rxf7 h2 0-1

[Event "World Cities-ch 2nd"]
[Site "Shenyang"]
[Date "1999.10.08"]
[Round "9"]
[White "Li, Qun"]
[Black "Filippov, Valerij"]
[Result "1/2-1/2"]
[WhiteElo "2312"]
[BlackElo "2605"]
[PlyCount "96"]
[EventDate "1999.10.02"]
[EventType "team"]
[EventRounds "9"]
[EventCountry "CHN"]
[SourceTitle "EXT 2000"]
[Source "ChessBase"]
[SourceDate "1999.11.16"]
[SourceVersion "1"]
[SourceVersionDate "1999.11.16"]
[SourceQuality "1"]

1. e4 c5 2. Nf3 e6 3. d4 cxd4 4. Nxd4 Nf6 5. Nc3 Nc6 6. Ndb5 d6 7. Bf4 e5 8. Bg5 a6 9. Na3 b5 10. Nd5 Be7 11. Bxf6 Bxf6 12. c3 0-0 13. Nc2 Bg5 14. a4 bxa4 15. Rxa4 a5 16. Bb5 Bb7 17. Nce3 Bxe3 18. Nxe3 Qb6 19. Qd3 Ne7 20. 0-0 Rfd8 21. Bc4 Bc6 22. Ra2 Qb7 23. Nd5 Bxd5 24. Bxd5 Nxd5 25. Qxd5 Qxd5 26. exd5 Kf8 27. f4 Ke7 28. fxe5 dxe5 29. c4 Rdb8 30. Rfa1 Rb4 31. b3 Rxb3 32. Rxa5 Rxa5 33. Rxa5 e4 34. Kf2 Kd6 35. Ra7 f5 36. Rxg7 f4 37. Rf7 Ke5 38. d6 Rb2+ 39. Ke1 Kxd6 40. Rxf4 Ke5 41. Rh4 Kd4 42. Rh3 Rxg2 43. Rxh7 Kd3 44. Re7 Rxh2 45. c5 Rc2 46. Re8 Rxc5 47. Re7 Rc2 48. Re8 Ke3 1/2-1/2

[Event "World Cities-ch 2nd"]
[Site "Shenyang"]
[Date "1999.10.04"]
[Round "1"]
[White "Li, Qun"]
[Black "Zhang, Zhong"]
[Result "1/2-1/2"]
[WhiteElo "2312"]
[BlackElo "2541"]
[PlyCount "62"]
[EventDate "1999.10.02"]
[EventType "team"]
[EventRounds "9"]
[EventCountry "CHN"]
[SourceTitle "EXT 2000"]
[Source "ChessBase"]
[SourceDate "1999.11.16"]
[SourceVersion "1"]
[SourceVersionDate "1999.11.16"]
[SourceQuality "1"]

1. e4 e6 2. c4 c5 3. Nc3 Nc6 4. g3 g6 5. Bg2 Bg7 6. Nge2 Nge7 7. d3 d6 8. 0-0 0-0 9. Be3 Nd4 10. Qd2 Nec6 11. Bh6 Ne5 12. Nxd4 Bxh6 13. Qxh6 cxd4 14. Ne2 Qb6 15. Qd2 Bd7 16. h3 a5 17. f4 Nxc4 18. dxc4 d3+ 19. Kh2 dxe2 20. Qxe2 Qc5 21. Rad1 Bc6 22. Qd3 Rad8 23. Qd4 e5 24. Qc3 exf4 25. gxf4 Rde8 26. Qd4 Qxd4 27. Rxd4 f5 28. Kg3 fxe4 29. Re1 Re6 30. Bxe4 Kg7 31. Re2 Rf5 1/2-1/2